| 000 | 01164nam0a2200301 i 4500 | ||
|---|---|---|---|
| 001 | RU\NLR\BIBL_A\010550367 | ||
| 005 | 20241103105024.0 | ||
| 010 |
_a9785209060468 _9100 |
||
| 021 |
_aRU _b14-71954 |
||
| 035 | _a(NILC)RuMoRGB-007558309 | ||
| 035 | _a(NLR Aleph) 010550367 | ||
| 090 |
_a10334598 _c10334598 |
||
| 100 | _a20141201d2014 um y0rusy50 ca | ||
| 101 | 0 |
_arus _aspa |
|
| 102 | _aRU | ||
| 105 | _aa|||j|||000yy | ||
| 200 | 1 |
_aУчебно-методическое пособие по домашнему чтению на испанском языке _fЕ. А. Должич |
|
| 210 |
_aМосква _cРоссийский университет дружбы народов _d2014 |
||
| 215 |
_a109 с. _cил. _d20 |
||
| 606 |
_aИспанский язык _jХрестоматии для высших учебных заведений _91211111 _3RU\NLR\AUTH\66491709 |
||
| 686 | 1 | _aШ147.21-93рус3хрест | |
| 700 | 1 |
_aДолжич _bЕ. А. _gЕлена Анатольевна |
|
| 801 | 0 |
_aRU _bРГБ _c20140925 _gRCR |
|
| 801 | 1 |
_aRU _bРГБ _c20140925 _2rusmarc |
|
| 942 | _cBOOK | ||
| 980 | _aNBR | ||